Diccionario de la lengua española / (Record no. 20468)

MARC details
000 -LEADER
campo de control de longitud fija 00811nam a2200253 i 4500
001 - NÚMERO DE CONTROL
campo de control 20468
003 - IDENTIFICADOR DE NÚMERO DE CONTROL
campo de control ES-MaACL
005 - FECHA Y HORA DE LA ÚLTIMA TRANSACCIÓN
campo de control 20230929062523.0
007 - CAMPO FIJO DE DESCRIPCIÓN FÍSICA--INFORMACIÓN GENERAL
campo de control de longitud fija t|
008 - DATOS DE LONGITUD FIJA--INFORMACIÓN GENERAL
campo de control de longitud fija 021113s1970 sp ||||1| spa d
080 ## - NÚMERO DE LA CLASIFICACIÓN DECIMAL UNIVERSAL
Número de la Clasificación Decimal Universal (038)=134.2
110 2# - ENTRADA PRINCIPAL--NOMBRE DE ENTIDAD CORPORATIVA
Nombre de entidad corporativa o nombre de jurisdicción como elemento de entrada Real Academia Española
9 (RLIN) 6336
245 10 - MENCIÓN DEL TÍTULO
Título Diccionario de la lengua española /
Mención de responsabilidad, etc. Real Academia Española.
250 ## - MENCION DE EDICION
Mención de edición 19ª ed.
260 ## - PUBLICACIÓN, DISTRIBUCIÓN, ETC.
Lugar de publicación, distribución, etc. Madrid :
Nombre del editor, distribuidor, etc. Espasa-Calpe,
Fecha de publicación, distribución, etc. 1970.
300 ## - DESCRIPCIÓN FÍSICA
Extensión XXIX, 1424 p. ;
Dimensiones 31 cm.
650 14 - PUNTO DE ACCESO ADICIONAL DE MATERIA--TÉRMINO DE MATERIA
Término de materia o nombre geográfico como elemento de entrada Lengua española-
Subdivisión de forma Diccionarios.
9 (RLIN) 14137
852 ## - LOCALIZACIÓN
Ubicación ES-MaACL
Número de control de estantería C-41257
Sublocalización o colección R.79216
852 ## - LOCALIZACIÓN
Ubicación ES-MaACL
Número de control de estantería B-1795
Sublocalización o colección R.73019
852 ## - LOCALIZACIÓN
Ubicación ES-MaACL
Número de control de estantería B-1796
Sublocalización o colección R.73755
852 ## - LOCALIZACIÓN
Ubicación ES-MaACL
Número de control de estantería B-1797
Sublocalización o colección R.74166
852 ## - LOCALIZACIÓN
Ubicación ES-MaACL
Número de control de estantería B-411
itemnumber R.145219
Nota libre .- Biblioteca Jacinto Martínez Lacalle
Holdings
Estatus retirado Estado de pérdida Estado de daño No para préstamo Colección Biblioteca de origen Biblioteca actual Ubicación en estantería Fecha de adquisición Fuente de adquisición Total de préstamos Signatura topográfica completa Código de barras Visto por última vez Precio de reemplazo Tipo de ítem Koha
        Colección de referencia Biblioteca del Ateneo de Madrid Biblioteca del Ateneo de Madrid Sala Pardo Bazán 21/09/2009     B-411 1181495 23/02/2023 23/02/2023 Libro impreso
        Colección de referencia Biblioteca del Ateneo de Madrid Biblioteca del Ateneo de Madrid Depósito 2 17/01/2008     C-41257 1021003 23/02/2023 23/02/2023 Libro impreso
        Colección de referencia Biblioteca del Ateneo de Madrid Biblioteca del Ateneo de Madrid Sala Pardo Bazán 17/01/2008     B-1795 1021004 23/02/2023 23/02/2023 Libro impreso
        Colección de referencia Biblioteca del Ateneo de Madrid Biblioteca del Ateneo de Madrid Sala Pardo Bazán 17/01/2008     B-1796 1021005 23/02/2023 23/02/2023 Libro impreso
        Colección de referencia Biblioteca del Ateneo de Madrid Biblioteca del Ateneo de Madrid Sala Pardo Bazán 17/01/2008     B-1797 1021006 23/02/2023 23/02/2023 Libro impreso